00361pab a2200133 454500008004000000100001700040245008700057260000900144300001400153362001200167650001400179700002100193773001300214180718b1979 xxu||||| |||| 00| 0 eng d aHalder, D.K. aFinancial performance of the CSTC vis-a-vis private operators: A comparative study c1979 ap.98-133. aApr-Jun aTransport aBasu, Satyabrata aNagarlok